Paint Movie Poster by Trivia Quiz Stats

 Plays Quiz Updated Nov 12, 2018

Support Sporcle.
Go Orange.
Score 0/10 Timer 08:00
3 Plays Today
% Correct
Jaws
99.4%
E.T. the Extra-Terrestrial
98.9%
Raiders of the Lost Ark
94.3%
Saving Private Ryan
92.1%
Movies directed by Steven Spielberg
91.8%
Lincoln
88.7%
Schindler’s List
88.6%
Catch Me If You Can
82.4%
The Terminal
72.5%
Minority Report
64.5%

You're not logged in!

Compare scores with friends on all Sporcle quizzes.
OR
Log In

From the Vault

Find the Goddess

by BlueCyanide

This might seem like a weird self-help book, but we swear it's actually a quiz.
Remove Ads.
Support Sporcle.
Get the best of Sporcle when you Go Orange. This ad-free experience offers more features, more stats, and more fun while also helping to support Sporcle. Thank you for becoming a member.

Show Comments

Extras

Top Quizzes Today


Score Distribution

Your Account Isn't Verified!

In order to create a playlist on Sporcle, you need to verify the email address you used during registration. Go to your Sporcle Settings to finish the process.

Report this User

Report this user for behavior that violates our Community Guidelines.

Details: